[Event "Oberfranken-ch"]
[Site "Kronach"]
[Date "2023.11.04"]
[Round "6"]
[White "Schuelner, David"]
[Black "Wunder, Stefan"]
[Result "0-1"]
[WhiteElo "1280"]
[BlackElo "1910"]
[PlyCount "92"]
[EventDate "2023.11.02"]
[EventType "swiss"]
[EventRounds "7"]
[EventCountry "GER"]
[SourceTitle "CB46_2023"]
[SourceDate "2023.11.15"]
[SourceVersion "1"]
[SourceVersionDate "2023.11.15"]
[SourceQuality "1"]

1. e4 g6 2. d4 Bg7 3. Nf3 d6 4. Bc4 c6 5. Nc3 d5 6. exd5 b5 7. Bd3 b4 8. Ne2 cxd5 9. 0-0 Nf6 10. Ng3 0-0 11. Bd2 Qb6 12. Qe1 Nc6 13. Ne5 Nxe5 14. dxe5 Nd7 15. Bxb4 Nxe5 16. Bc3 d4 17. Bb4 Rb8 18. Ba3 Nxd3 19. cxd3 Re8 20. Qd2 Bb7 21. Rac1 Bd5 22. b3 Qb7 23. f3 f5 24. Qa5 e6 25. Rc7 Qb6 26. Qxa7 Qxa7 27. Rxa7 Ra8 28. Rxa8 Rxa8 29. Bb4 Rxa2 30. Rb1 h5 31. Kf1 h4 32. Ne2 h3 33. Re1 hxg2+ 34. Kxg2 g5 35. Kf2 Be5 36. Rg1 Bf4 37. Re1 Bxh2 38. Rc1 Bf4 39. Rc8+ Kf7 40. Kf1 Be3 41. f4 Ra1+ 42. Be1 gxf4 43. Rc2 Kg6 44. Nxf4+ Bxf4 45. Ke2 Bxb3 46. Rb2 Ra2 0-1

[Event "Kronach Oberfranken Cup"]
[Site "Kronach"]
[Date "2022.07.03"]
[Round "5"]
[White "Wagner, Tizian"]
[Black "Wunder, Stefan"]
[Result "1-0"]
[WhiteElo "1708"]
[BlackElo "1985"]
[PlyCount "123"]
[EventDate "2022.07.01"]
[EventType "swiss"]
[EventRounds "5"]
[EventCountry "GER"]
[SourceTitle "EXT 2023"]
[Source "ChessBase"]
[SourceDate "2022.10.05"]
[SourceVersion "1"]
[SourceVersionDate "2022.10.05"]
[SourceQuality "1"]

1. e4 g6 2. d4 Bg7 3. Nf3 d6 4. Bc4 e6 5. Be3 Ne7 6. Nbd2 a6 7. Bb3 b6 8. h4 h5 9. Ng5 Nbc6 10. Qf3 0-0 11. c3 Na5 12. Bc2 e5 13. b4 Bg4 14. Qg3 Nb7 15. 0-0 b5 16. Bb3 a5 17. a3 Nc6 18. Bd5 Qe8 19. dxe5 dxe5 20. Nb3 a4 21. Nc5 Nd6 22. f3 Bc8 23. f4 Bg4 24. Ra2 Kh8 25. fxe5 Nxe5 26. Bxa8 Qxa8 27. Bd4 Qe8 28. Raf2 Kg8 29. Qf4 Ndc4 30. Qc1 Qe7 31. Bxe5 Nxe5 32. Qd2 c6 33. Qa2 Bh6 34. Qd2 f6 35. Qa2+ Nc4 36. Nf3 Be3 37. Nd2 Be6 38. Nxe6 Qxe6 39. Nxc4 Qxc4 40. Qxc4+ bxc4 41. Kh2 Bxf2 42. Rxf2 Kf7 43. Rd2 c5 44. b5 Rb8 45. Rb2 Rb6 46. Kg3 Ke7 47. Kf4 Kd7 48. e5 Ke6 49. exf6 Kxf6 50. Rb1 Ke6 51. Kg5 Ke5 52. Re1+ Kd5 53. Re3 Rxb5 54. Kxg6 Rb3 55. Kxh5 Rxa3 56. g4 Rb3 57. g5 a3 58. g6 a2 59. g7 Rb8 60. Re1 a1Q 61. Rxa1 Ke4 62. Rd1 1-0

[Event "Oberfranken-ch"]
[Site "Schney"]
[Date "2020.01.05"]
[Round "5"]
[White "Kunte, Thomas"]
[Black "Wunder, Stefan"]
[Result "1/2-1/2"]
[WhiteElo "1884"]
[BlackElo "2014"]
[PlyCount "72"]
[EventDate "2020.01.03"]
[EventType "swiss"]
[EventRounds "7"]
[EventCountry "GER"]
[SourceTitle "CBM 194 Extra"]
[Source "ChessBase"]
[SourceDate "2020.03.31"]
[SourceVersion "1"]
[SourceVersionDate "2020.03.31"]
[SourceQuality "1"]

1. e4 e6 2. d4 b6 3. Nc3 Bb7 4. Bd3 g6 5. Nf3 Bg7 6. Bg5 Ne7 7. Qd2 h6 8. Be3 d6 9. a4 a6 10. Ne2 Nd7 11. 0-0 Nf6 12. e5 Nfd5 13. c4 Nxe3 14. Qxe3 Bxf3 15. gxf3 dxe5 16. dxe5 Nf5 17. Bxf5 gxf5 18. f4 Bf8 19. Rad1 Qc8 20. Qf3 c5 21. Rd3 Ra7 22. Rfd1 Be7 23. Ng3 0-0 24. Kh1 Kh7 25. Nh5 Rg8 26. h3 Rg6 27. Kh2 Qe8 28. b3 b5 29. cxb5 axb5 30. axb5 Qxb5 31. Ng3 c4 32. bxc4 Qxc4 33. Rd7 Qc5 34. Qe3 Qxe3 35. fxe3 Ra2+ 36. R1d2 Rxd2+ 1/2-1/2

[Event "GER-ch Seniors 50 31st"]
[Site "Radebeul"]
[Date "2019.05.02"]
[Round "7"]
[White "Wunder, Stefan"]
[Black "Mueller, Rudolf"]
[Result "0-1"]
[WhiteElo "2032"]
[BlackElo "2071"]
[PlyCount "84"]
[EventDate "2019.04.26"]
[EventType "swiss"]
[EventRounds "9"]
[EventCountry "GER"]
[SourceTitle "CBM 190 Extra"]
[Source "ChessBase"]
[SourceDate "2019.07.15"]
[SourceVersion "1"]
[SourceVersionDate "2019.07.15"]
[SourceQuality "1"]

1. Nf3 b6 2. g3 Bb7 3. Bg2 e6 4. 0-0 f5 5. d3 Nf6 6. c4 Bd6 7. Nc3 a6 8. e4 fxe4 9. Ng5 0-0 10. Ngxe4 Nc6 11. Nxd6 cxd6 12. Be3 Qc7 13. f4 Ne7 14. Bf3 Nf5 15. Bf2 h5 16. Ne4 g6 17. Qb3 b5 18. cxb5 axb5 19. Rfc1 Qb8 20. h3 Nd5 21. Re1 Bc6 22. Rac1 Ra4 23. a3 Qb7 24. Kh2 Kg7 25. Ng5 h4 26. g4 Nd4 27. Bxd4+ Rxd4 28. Rxe6 Rdxf4 29. Rce1 Kh6 30. Be4 dxe6 31. Nxe6 Rf2+ 32. Kg1 Qb6 33. g5+ Kh7 34. d4 Ne7 35. Nxf8+ Rxf8 36. Qd3 Bxe4 37. Rxe4 Nf5 38. Qf3 Qd8 39. Qf4 Kg7 40. Re6 Qc8 41. Re2 Qc4 42. Re4 Qd3 0-1

[Event "GER-ch Seniors 50 31st"]
[Site "Radebeul"]
[Date "2019.04.30"]
[Round "5"]
[White "Wunder, Stefan"]
[Black "Krien, Hartmut"]
[Result "1-0"]
[WhiteElo "2032"]
[BlackElo "1853"]
[PlyCount "27"]
[EventDate "2019.04.26"]
[EventType "swiss"]
[EventRounds "9"]
[EventCountry "GER"]
[SourceTitle "CBM 190 Extra"]
[Source "ChessBase"]
[SourceDate "2019.07.15"]
[SourceVersion "1"]
[SourceVersionDate "2019.07.15"]
[SourceQuality "1"]

1. Nf3 Nf6 2. g3 g6 3. Bg2 Bg7 4. c4 c5 5. 0-0 0-0 6. d4 e6 7. dxc5 Na6 8. Nc3 Nxc5 9. Bf4 Ne8 10. Rc1 d6 11. Qd2 Qb6 12. b3 Qb4 13. Bh6 Ne4 14. Nxe4 1-0

[Event "GER-ch Seniors 50 31st"]
[Site "Radebeul"]
[Date "2019.04.27"]
[Round "2"]
[White "Loew, Gerald"]
[Black "Wunder, Stefan"]
[Result "1-0"]
[WhiteElo "2157"]
[BlackElo "2032"]
[PlyCount "77"]
[EventDate "2019.04.26"]
[EventType "swiss"]
[EventRounds "9"]
[EventCountry "GER"]
[SourceTitle "CBM 190 Extra"]
[Source "ChessBase"]
[SourceDate "2019.07.15"]
[SourceVersion "1"]
[SourceVersionDate "2019.07.15"]
[SourceQuality "1"]

1. c4 g6 2. Nc3 Bg7 3. g3 Nf6 4. Bg2 d6 5. d3 0-0 6. Rb1 a5 7. a3 c6 8. e4 Na6 9. Nge2 e5 10. 0-0 Bg4 11. h3 Be6 12. f4 exf4 13. Nxf4 Qb6+ 14. Kh2 Ng4+ 15. hxg4 Bxc3 16. Nxe6 fxe6 17. Bf4 Be5 18. g5 Qd4 19. Rf3 Nc5 20. b4 axb4 21. axb4 Bxf4 22. gxf4 Na4 23. Qg1 Qxg1+ 24. Rxg1 Nc3 25. Bh3 e5 26. Be6+ Kh8 27. Rgf1 Ne2 28. fxe5 Rxf3 29. Rxf3 Nd4 30. Rf6 dxe5 31. c5 Nc2 32. b5 cxb5 33. Rf7 Rb8 34. Bd5 Nd4 35. Bxb7 Nf3+ 36. Kh1 Nxg5 37. Re7 Rf8 38. c6 Rf2 39. c7 1-0

[Event "Bayern-ch 89th"]
[Site "Bad Kissingen"]
[Date "2018.08.29"]
[Round "5"]
[White "Wunder, Stefan"]
[Black "Brunner, Tobias"]
[Result "0-1"]
[WhiteElo "2065"]
[BlackElo "1944"]
[PlyCount "106"]
[EventDate "2018.08.26"]
[EventType "swiss"]
[EventRounds "9"]
[EventCountry "GER"]
[SourceTitle "CBM 189 Extra"]
[Source "ChessBase"]
[SourceDate "2019.06.03"]
[SourceVersion "1"]
[SourceVersionDate "2019.06.03"]
[SourceQuality "1"]

1. Nf3 e6 2. g3 d5 3. Bg2 Nf6 4. c4 c6 5. b3 Bc5 6. 0-0 0-0 7. Bb2 dxc4 8. bxc4 Nbd7 9. d4 Be7 10. Qc2 Rb8 11. Rd1 Qc7 12. Nbd2 c5 13. e3 b6 14. Rab1 Bb7 15. Bc3 Rfc8 16. Qd3 Ba6 17. Bf1 Nd5 18. Rbc1 Nxc3 19. Qxc3 Bf6 20. Qc2 Bb7 21. Bg2 g6 22. h4 h5 23. Ne4 Bg7 24. Neg5 Nf8 25. Nh3 Rd8 26. dxc5 Qxc5 27. Nf4 Ba6 28. Nd3 Qf5 29. Ng5 Rbc8 30. Qa4 Qa5 31. Qb3 Rc7 32. Bf1 Rcd7 33. a4 Nh7 34. Nxh7 Kxh7 35. Be2 Qf5 36. Nf4 Bb7 37. f3 e5 38. e4 Bxe4 39. fxe4 Qxe4 40. Bf3 Rxd1+ 41. Rxd1 Rxd1+ 42. Qxd1 Qe3+ 43. Kg2 exf4 44. Qd5 fxg3 45. Kxg3 Be5+ 46. Kg2 Qf4 47. Kf1 Bd4 48. Kg2 Kh6 49. Qd8 Kg7 50. a5 bxa5 51. Qxa5 Qxh4 52. Qd5 a5 53. Be4 Qf2+ 0-1

[Event "Bayern-ch 89th"]
[Site "Bad Kissingen"]
[Date "2018.08.28"]
[Round "3"]
[White "Wunder, Stefan"]
[Black "Walter, Florian"]
[Result "0-1"]
[WhiteElo "2065"]
[BlackElo "2246"]
[PlyCount "70"]
[EventDate "2018.08.26"]
[EventType "swiss"]
[EventRounds "9"]
[EventCountry "GER"]
[SourceTitle "CBM 189 Extra"]
[Source "ChessBase"]
[SourceDate "2019.06.03"]
[SourceVersion "1"]
[SourceVersionDate "2019.06.03"]
[SourceQuality "1"]

1. Nf3 g6 2. g3 Bg7 3. d4 c5 4. c4 cxd4 5. Nxd4 d5 6. Nc2 dxc4 7. Qxd8+ Kxd8 8. Bg2 Nc6 9. 0-0 Bg4 10. Rd1+ Ke8 11. Kf1 Rd8 12. Rxd8+ Kxd8 13. Nc3 Nf6 14. Be3 Nd7 15. Rd1 Kc8 16. Na3 Be6 17. Nab5 a6 18. Na3 Rd8 19. Nd5 Bxd5 20. Rxd5 Nb4 21. Rd2 b5 22. Bg5 Bf6 23. Bf4 Ne5 24. Nb1 Rxd2 25. Bxd2 Nxa2 26. b3 cxb3 27. Bd5 Nc4 28. Bxf7 b2 29. Ke1 Kd7 30. Bg8 h6 31. Bh7 g5 32. Bd3 Nc1 33. Be4 Nb3 34. Bc2 Nbxd2 35. Nxd2 Bc3 0-1

[Event "Bayern-ch 89th"]
[Site "Bad Kissingen"]
[Date "2018.08.27"]
[Round "2"]
[White "Wunder, Stefan"]
[Black "Bensch, Patrick"]
[Result "1-0"]
[WhiteElo "2065"]
[BlackElo "2197"]
[PlyCount "79"]
[EventDate "2018.08.26"]
[EventType "swiss"]
[EventRounds "9"]
[EventCountry "GER"]
[SourceTitle "CBM 189 Extra"]
[Source "ChessBase"]
[SourceDate "2019.06.03"]
[SourceVersion "1"]
[SourceVersionDate "2019.06.03"]
[SourceQuality "1"]

1. Nf3 Nf6 2. g3 g6 3. b3 Bg7 4. Bb2 d5 5. Bg2 0-0 6. 0-0 c6 7. d3 Nbd7 8. Nbd2 Re8 9. c4 e5 10. cxd5 cxd5 11. Qc2 d4 12. Nc4 Nd5 13. Qd2 N7b6 14. a4 Nc3 15. e4 Nxc4 16. bxc4 Be6 17. Bxc3 dxc3 18. Qxc3 Rc8 19. Rfb1 Rc7 20. Bf1 Qf6 21. Ne1 Bf8 22. Ra2 Bc5 23. Ng2 h5 24. Qe1 Kg7 25. Rb5 b6 26. a5 Rh8 27. axb6 axb6 28. h4 Bd4 29. Kh2 Bd7 30. Rb3 Qe7 31. Ne3 Qc5 32. Nd5 Rb7 33. Bg2 Rf8 34. f4 exf4 35. gxf4 Bc6 36. e5 Re8 37. Qg3 Re6 38. Qg5 f6 39. exf6+ Bxf6 40. Nxf6 1-0

[Event "Oberfranken-ch"]
[Site "Schney"]
[Date "2018.01.03"]
[Round "2"]
[White "Wunder, Stefan"]
[Black "Schwarzmann, Tobias"]
[Result "1-0"]
[WhiteElo "2041"]
[BlackElo "1998"]
[PlyCount "95"]
[EventDate "2018.01.03"]
[EventType "swiss"]
[EventRounds "7"]
[EventCountry "GER"]
[SourceTitle "CBM 182 Extra"]
[Source "ChessBase"]
[SourceDate "2018.02.23"]
[SourceVersion "1"]
[SourceVersionDate "2018.02.23"]
[SourceQuality "1"]

1. Nf3 d5 2. g3 Nf6 3. Bg2 e6 4. 0-0 c6 5. b3 Bd6 6. Bb2 Nbd7 7. d4 Ne4 8. Nbd2 Ndf6 9. c4 0-0 10. Qc2 Qe7 11. a3 Nxd2 12. Qxd2 Ne4 13. Qd3 f5 14. e3 Bd7 15. b4 a5 16. c5 Bc7 17. Ne5 Be8 18. f3 Nf6 19. Bc3 Nd7 20. Qb1 Nxe5 21. dxe5 b5 22. e4 fxe4 23. fxe4 Bg6 24. Qc2 a4 25. Qe2 Rxf1+ 26. Rxf1 Rf8 27. Rxf8+ Kxf8 28. h4 Qe8 29. exd5 exd5 30. Bh3 Bh5 31. Qf2+ Qf7 32. Bf5 Bg6 33. g4 Ke7 34. h5 Bxf5 35. Qxf5 Qxf5 36. gxf5 Kf8 37. Kg2 Bd8 38. Bd2 Kf7 39. Kh3 Be7 40. Kg4 Bf8 41. Bf4 Ke7 42. e6 Ke8 43. h6 g6 44. fxg6 hxg6 45. Kg5 Bxh6+ 46. Kxh6 Ke7 47. Kxg6 Kxe6 48. Be3 1-0

[Event "Wunsiedel op 9th"]
[Site "Wunsiedel"]
[Date "2015.05.14"]
[Round "1"]
[White "Wunder, Stefan"]
[Black "Neiksans, Arturs"]
[Result "0-1"]
[WhiteElo "2089"]
[BlackElo "2576"]
[PlyCount "66"]
[EventDate "2015.05.14"]
[EventType "swiss"]
[EventRounds "7"]
[EventCountry "GER"]
[SourceTitle "CBM 166 Extra"]
[Source "ChessBase"]
[SourceDate "2015.06.18"]
[SourceVersion "1"]
[SourceVersionDate "2015.06.18"]
[SourceQuality "1"]

1. Nf3 Nf6 2. g3 d5 3. Bg2 c6 4. 0-0 Bf5 5. b3 Nbd7 6. Bb2 e6 7. d3 h6 8. Nbd2 Bh7 9. c4 Bc5 10. Qc1 Qe7 11. a3 0-0 12. b4 Bd6 13. Nb3 Rac8 14. Re1 c5 15. b5 dxc4 16. dxc4 e5 17. Bh3 Rcd8 18. Na5 Bc7 19. Nb3 Ne4 20. Rd1 f5 21. Ne1 Ndf6 22. Nd3 f4 23. Bg2 b6 24. a4 fxg3 25. fxg3 Ng4 26. a5 Nxg3 27. hxg3 e4 28. Nf4 Bxf4 29. gxf4 Rxd1+ 30. Qxd1 Qh4 31. Bc1 e3 32. Qd5+ Kh8 33. Qf3 Be4 0-1

[Event "Oberfranken-ch"]
[Site "Lichtenfels"]
[Date "2014.01.04"]
[Round "3"]
[White "Wunder, Stefan"]
[Black "Gremer, Kathrin"]
[Result "1-0"]
[WhiteElo "2122"]
[BlackElo "1789"]
[PlyCount "47"]
[EventDate "2014.01.03"]
[EventType "swiss"]
[EventRounds "7"]
[EventCountry "GER"]
[SourceTitle "EXT 2019"]
[Source "ChessBase"]
[SourceDate "2018.10.10"]
[SourceVersion "1"]
[SourceVersionDate "2018.10.10"]
[SourceQuality "1"]

1. Nf3 Nc6 2. d4 d5 3. g3 Nf6 4. Bg2 Bf5 5. c3 e6 6. 0-0 Be7 7. Nbd2 Qd7 8. b4 Ng4 9. h3 Nh6 10. Nb3 Bd6 11. b5 Ne7 12. a4 f6 13. Bxh6 gxh6 14. Qc1 h5 15. Qh6 0-0-0 16. Rfc1 Rdg8 17. Nc5 Bxc5 18. dxc5 e5 19. Qxf6 e4 20. Nd4 Bxh3 21. c6 bxc6 22. bxc6 Qg4 23. Qxe7 Bxg2 24. Ne6 1-0

[Event "Forchheim op-A 12th"]
[Site "Forchheim"]
[Date "2013.09.30"]
[Round "3"]
[White "Wunder, Stefan"]
[Black "Feldheim, Jonas"]
[Result "0-1"]
[WhiteElo "2147"]
[BlackElo "2009"]
[PlyCount "134"]
[EventDate "2013.09.27"]
[EventType "swiss"]
[EventRounds "5"]
[EventCountry "GER"]
[SourceTitle "CBM 156 Extra"]
[Source "ChessBase"]
[SourceDate "2013.10.22"]
[SourceVersion "1"]
[SourceVersionDate "2013.10.22"]
[SourceQuality "1"]

1. Nf3 d5 2. g3 Nf6 3. Bg2 c6 4. b3 g6 5. Bb2 Bg7 6. 0-0 0-0 7. d3 Nbd7 8. Nbd2 b6 9. c4 Bb7 10. Rc1 Re8 11. cxd5 cxd5 12. Qc2 Rc8 13. Qb1 e5 14. Rxc8 Qxc8 15. Rc1 Qb8 16. Qa1 d4 17. b4 Nd5 18. a3 Rc8 19. Rxc8+ Qxc8 20. Nc4 Qc7 21. Bh3 f6 22. Qa2 Kh8 23. Qb3 Bf8 24. Bg2 Ba8 25. Nfd2 b5 26. Na5 N7b6 27. Ne4 Kg7 28. h4 Be7 29. Bf3 Qc8 30. Kh2 h6 31. Qd1 Na4 32. Bc1 f5 33. Nd2 Nac3 34. Qc2 g5 35. hxg5 hxg5 36. Ndb3 g4 37. Bg2 f4 38. gxf4 exf4 39. Nxd4 g3+ 40. fxg3 fxg3+ 41. Kg1 Nxe2+ 42. Qxe2 Qxc1+ 43. Bf1 Ne3 44. Nab3 Qxf1+ 45. Qxf1 Nxf1 46. Nf5+ Kf6 47. Nxe7 g2 48. Nc8 Ng3 49. Nc1 a6 50. d4 Nh5 51. Nd3 Kf5 52. d5 Bxd5 53. Ne7+ Ke6 54. Nxd5 Kxd5 55. Kxg2 Kc4 56. Nc5 a5 57. Na6 a4 58. Nc7 Nf4+ 59. Kf3 Nd5 60. Ne6 Nxb4 61. axb4 Kxb4 62. Nd4 Kc4 63. Ke3 b4 64. Nc2 b3 65. Kd2 b2 66. Na3+ Kb3 67. Nb1 a3 0-1

[Event "Forchheim op-A 12th"]
[Site "Forchheim"]
[Date "2013.09.28"]
[Round "2"]
[White "Weber, Daniel1111"]
[Black "Wunder, Stefan"]
[Result "1/2-1/2"]
[WhiteElo "1940"]
[BlackElo "2147"]
[PlyCount "191"]
[EventDate "2013.09.27"]
[EventType "swiss"]
[EventRounds "5"]
[EventCountry "GER"]
[SourceTitle "CBM 156 Extra"]
[Source "ChessBase"]
[SourceDate "2013.10.22"]
[SourceVersion "1"]
[SourceVersionDate "2013.10.22"]
[SourceQuality "1"]

1. Nf3 g6 2. g3 Bg7 3. Bg2 e5 4. d3 d6 5. 0-0 Nc6 6. Nc3 Nge7 7. e4 0-0 8. Be3 h6 9. Qd2 Kh7 10. Ne1 Be6 11. h3 Qd7 12. Kh2 f5 13. f4 Rae8 14. Rd1 a6 15. Nd5 Bxd5 16. exd5 Nd8 17. c4 Nf7 18. Nf3 Ng8 19. Rde1 b6 20. Ng1 Nf6 21. Ne2 Re7 22. b3 Rfe8 23. a4 h5 24. a5 bxa5 25. fxe5 Nxe5 26. Nf4 Neg4+ 27. hxg4 Nxg4+ 28. Kh1 Nxe3 29. Rf2 Ng4 30. Rfe2 Rxe2 31. Rxe2 Rxe2 32. Qxe2 a4 33. bxa4 Qxa4 34. Bh3 Qd1+ 35. Qxd1 Nf2+ 36. Kh2 Nxd1 37. Ne6 a5 38. Nxc7 Nc3 39. c5 dxc5 40. d6 Bf6 41. Ne6 a4 42. Nxc5 a3 43. Nb3 h4 44. gxh4 Be5+ 45. Kh1 Bxd6 46. h5 a2 47. d4 Ne2 48. hxg6+ Kxg6 49. Bg2 Nxd4 50. Na1 Bb4 51. Bd5 Bc3 52. Bxa2 Bxa1 53. Kg2 Kg5 54. Bd5 Bc3 55. Kf2 Kg4 56. Ke3 Nc2+ 57. Kf2 Bd4+ 58. Ke2 Kg3 59. Be6 Ne3 60. Bc8 f4 61. Bb7 Bb6 62. Be4 Nc4 63. Bd5 Ne5 64. Be4 f3+ 65. Bxf3 Nxf3 66. Kd3 Kf4 67. Kc4 Ke4 68. Kb5 Bf2 69. Kc6 Ke5 70. Kb5 Kd5 71. Kb4 Be1+ 72. Kb5 Nd4+ 73. Kb6 Kd6 74. Kb7 Ba5 75. Ka6 Bd8 76. Kb7 Kd7 77. Ka6 Kc6 78. Ka7 Be7 79. Ka6 Bb4 80. Ka7 Ne6 81. Ka6 Nc7+ 82. Ka7 Bc5+ 83. Kb8 Nd5 84. Ka8 Kb6 85. Kb8 Bd6+ 86. Ka8 Nc7+ 87. Kb8 Bf4 88. Kc8 Kc6 89. Kb8 Be3 90. Kc8 Nd5 91. Kb8 Bd4 92. Ka8 Nb6+ 93. Ka7 Be5 94. Ka6 Bb8 95. Ka5 Nd5 96. Ka4 1/2-1/2

[Event "Forchheim op-A 12th"]
[Site "Forchheim"]
[Date "2013.09.27"]
[Round "1"]
[White "Wunder, Stefan"]
[Black "Maier, Alexander"]
[Result "0-1"]
[WhiteElo "2147"]
[BlackElo "2311"]
[PlyCount "56"]
[EventDate "2013.09.27"]
[EventType "swiss"]
[EventRounds "5"]
[EventCountry "GER"]
[SourceTitle "CBM 156 Extra"]
[Source "ChessBase"]
[SourceDate "2013.10.22"]
[SourceVersion "1"]
[SourceVersionDate "2013.10.22"]
[SourceQuality "1"]

1. Nf3 Nc6 2. d4 d5 3. g3 Bg4 4. Bg2 Qd7 5. h3 Bf5 6. c3 e5 7. dxe5 Bc5 8. Bf4 Nge7 9. g4 Ng6 10. Be3 Bxb1 11. Bxc5 Be4 12. Qd2 0-0-0 13. Rd1 h5 14. g5 Qf5 15. Be3 Bxf3 16. exf3 Nh4 17. Kf1 Nxe5 18. f4 Nxg2 19. fxe5 Qf3 20. Kg1 Nh4 21. Rh2 Qe4 22. Qd3 Nf3+ 23. Kh1 Nxh2+ 24. Qxe4 dxe4 25. Rxd8+ Rxd8 26. Kxh2 Rd5 27. e6 fxe6 28. Kg3 Rf5 0-1

[Event "Wunsiedel op 7th"]
[Site "Wunsiedel"]
[Date "2013.05.10"]
[Round "3"]
[White "Hilverda, Alexander"]
[Black "Wunder, Stefan"]
[Result "1-0"]
[WhiteElo "2339"]
[BlackElo "2160"]
[PlyCount "59"]
[EventDate "2013.05.09"]
[EventType "swiss"]
[EventRounds "7"]
[EventCountry "GER"]
[SourceTitle "CBM 154 Extra"]
[Source "ChessBase"]
[SourceDate "2013.06.25"]
[SourceVersion "2"]
[SourceVersionDate "2013.06.25"]
[SourceQuality "1"]

1. d4 g6 2. c4 Bg7 3. Nc3 d6 4. Nf3 Nd7 5. e4 c6 6. Be2 Ngf6 7. e5 Ng8 8. exd6 exd6 9. Bf4 Ndf6 10. d5 Nh5 11. Bg5 Bxc3+ 12. bxc3 f6 13. Be3 c5 14. Nd2 Ng7 15. Ne4 Kf7 16. Bf4 Ne8 17. g4 Qe7 18. Qd3 Bxg4 19. Bxg4 f5 20. f3 fxe4 21. Be6+ Kg7 22. fxe4 Nc7 23. 0-0 Nf6 24. e5 dxe5 25. Bxe5 Nce8 26. Rf2 Rd8 27. Qh3 h5 28. Raf1 Rf8 29. Qh4 Rd6 30. Qg5 1-0

[Event "Oberfranken-ch 1213"]
[Site "Schney"]
[Date "2013.01.06"]
[Round "7"]
[White "Wunder, Stefan"]
[Black "Wilfert, Andre"]
[Result "0-1"]
[WhiteElo "1985"]
[BlackElo "1968"]
[PlyCount "56"]
[EventDate "2013.01.03"]
[EventType "swiss"]
[EventRounds "7"]
[EventCountry "GER"]
[SourceTitle "EXT 2015"]
[Source "ChessBase"]
[SourceDate "2014.11.20"]
[SourceVersion "1"]
[SourceVersionDate "2014.11.20"]
[SourceQuality "1"]

1. b3 d5 2. Bb2 Nc6 3. e3 e5 4. Bb5 Bd6 5. Nf3 Qe7 6. c4 Nf6 7. c5 Bxc5 8. Nxe5 0-0 9. Bxc6 bxc6 10. Nxc6 Qd6 11. Ne5 d4 12. Nc4 Qe6 13. 0-0 Bb7 14. Ba3 dxe3 15. fxe3 Bxa3 16. Nbxa3 Rad8 17. d4 Ng4 18. Qe1 Rd5 19. Qg3 Rg5 20. Qf4 h6 21. e4 Bxe4 22. Rae1 f5 23. Nb5 Qc6 24. Nxc7 Bxg2 25. Re6 Qb7 26. Qd6 Bxf1 27. Qxf8+ Kh7 28. d5 Bxc4 0-1

[Event "Oberfranken-ch 1213"]
[Site "Schney"]
[Date "2013.01.04"]
[Round "3"]
[White "Wunder, Stefan"]
[Black "Stips, Felix"]
[Result "0-1"]
[WhiteElo "1985"]
[BlackElo "2207"]
[PlyCount "88"]
[EventDate "2013.01.03"]
[EventType "swiss"]
[EventRounds "7"]
[EventCountry "GER"]
[SourceTitle "EXT 2015"]
[Source "ChessBase"]
[SourceDate "2014.11.20"]
[SourceVersion "1"]
[SourceVersionDate "2014.11.20"]
[SourceQuality "1"]

1. Nf3 d5 2. g3 Nf6 3. Bg2 g6 4. b3 Bg7 5. Bb2 c5 6. c4 d4 7. b4 Nfd7 8. 0-0 0-0 9. d3 Nc6 10. b5 Nce5 11. Nbd2 Qc7 12. a4 Rb8 13. Nb3 Nxf3+ 14. Bxf3 Re8 15. Qd2 Ne5 16. Bg2 Bf5 17. Ba3 b6 18. a5 h5 19. axb6 axb6 20. Bc1 h4 21. Ra6 hxg3 22. hxg3 Ng4 23. Qa2 Be5 24. f4 Bg7 25. Bc6 Rf8 26. Rf3 e5 27. Ra7 Qd8 28. Nd2 exf4 29. gxf4 Qh4 30. Nf1 Nf6 31. Rf2 Bh3 32. Bg2 Nh5 33. Bxh3 Qxh3 34. Rh2 Qf5 35. Rf2 Bh6 36. e4 dxe3 37. Nxe3 Qxd3 38. Ra3 Qd7 39. Qe2 Rbc8 40. Rd3 Qe7 41. Qg4 Qe4 42. Rd6 Bxf4 43. Rxf4 Qxf4 44. Qxf4 Nxf4 0-1

[Event "Oberfranken-ch 1213"]
[Site "Schney"]
[Date "2013.01.03"]
[Round "2"]
[White "Wunder, Stefan"]
[Black "Lorenz, Mark"]
[Result "1-0"]
[WhiteElo "1985"]
[BlackElo "2117"]
[PlyCount "69"]
[EventDate "2013.01.03"]
[EventType "swiss"]
[EventRounds "7"]
[EventCountry "GER"]
[SourceTitle "EXT 2015"]
[Source "ChessBase"]
[SourceDate "2014.11.20"]
[SourceVersion "1"]
[SourceVersionDate "2014.11.20"]
[SourceQuality "1"]

1. Nf3 Nf6 2. g3 b6 3. Bg2 Bb7 4. 0-0 e6 5. c4 Be7 6. b3 0-0 7. Bb2 c5 8. Qc2 Qc8 9. d3 d6 10. Nbd2 Nbd7 11. Rfe1 Rd8 12. e4 a6 13. Rad1 Ra7 14. h4 Bc6 15. Nf1 b5 16. Ne3 Qa8 17. Ng5 h6 18. Nh3 Ne5 19. f4 Neg4 20. Nxg4 Nxg4 21. Qe2 Nf6 22. g4 bxc4 23. bxc4 h5 24. gxh5 d5 25. cxd5 exd5 26. e5 Ne8 27. e6 Bxh4 28. Ng5 f6 29. Nf7 Bxe1 30. h6 Rxf7 31. exf7+ Kxf7 32. Rxe1 Kg8 33. Qe6+ Kh8 34. hxg7+ Kxg7 35. Re3 1-0